000 00558nam a2200193Ia 4500
003 GCL
008 140319s9999 xx 000 0 ara d
040 _aGCL /
_cGCL
082 0 4 _a150.1952
_bا ف
100 1 _aبيش، ادغار
245 1 0 _aفكر فرويد /
_cبيش، ادغار
700 1 _aجوزيف عبدالله
260 _a[S.N] :
_bالمؤسسة الجامعية للدراسات والنشر والتوزيع
490 _a
650 0 4 _aالفلسفة
650 0 4 _aعلم النفس
650 0 4 _aفرويد
942 _2ddc
_cBK
999 _c56863
_d56863